[Event "ESP-ch U14 Rapid"]
[Site "Salobrena"]
[Date "2022.07.23"]
[Round "1"]
[White "Colloridi, Catalina"]
[Black "Sanz Gorospe, Ibai"]
[Result "0-1"]
[WhiteElo "1304"]
[BlackElo "1652"]
[PlyCount "74"]
[EventDate "2022.07.23"]
[EventType "swiss (rapid)"]
[EventRounds "9"]
[EventCountry "ESP"]
[SourceTitle "EXT 2023"]
[Source "ChessBase"]
[SourceDate "2022.10.05"]
[SourceVersion "1"]
[SourceVersionDate "2022.10.05"]
[SourceQuality "1"]

1. c4 e5 2. Nc3 g6 3. g3 Bg7 4. Bg2 d6 5. e3 h5 6. h4 Nc6 7. Nge2 Bg4 8. d3 Nf6 9. Rb1 0-0 10. 0-0 Ne7 11. Bxb7 c6 12. Qa4 Qc7 13. Ba6 Bf3 14. Kh2 Ng4+ 15. Kg1 Qd7 16. Rd1 Nf5 17. Ne4 Bh6 18. Qc2 Kg7 19. Ng5 Bxg5 20. hxg5 Ne7 21. Kf1 Nh2+ 22. Ke1 Bg4 23. Ng1 Bxd1 24. Qxd1 Qg4 25. Bb7 Rab8 26. Ba6 f6 27. d4 fxg5 28. dxe5 Qf5 29. f4 Qxb1 30. exd6 Nf5 31. d7 Qe4 32. b3 Nxe3 33. Bb2+ Kh7 34. Qd4 Nc2+ 35. Kd2 Nxd4 36. Bxd4 Qxd4+ 37. Kc2 Qxd7 0-1

[Event "ESP-ch U14"]
[Site "Salobrena"]
[Date "2022.07.23"]
[Round "9"]
[White "Fernandez Climent, Albert"]
[Black "Sanz Gorospe, Ibai"]
[Result "1-0"]
[WhiteElo "1859"]
[BlackElo "1784"]
[PlyCount "81"]
[EventDate "2022.07.18"]
[EventType "swiss"]
[EventRounds "9"]
[EventCountry "ESP"]
[SourceTitle "EXT 2023"]
[Source "ChessBase"]
[SourceDate "2022.10.05"]
[SourceVersion "1"]
[SourceVersionDate "2022.10.05"]
[SourceQuality "1"]

1. e4 c5 2. Nf3 Nc6 3. d4 cxd4 4. Nxd4 Nf6 5. Nc3 d6 6. Bg5 e6 7. Qd2 Qb6 8. Nb3 Be7 9. 0-0-0 0-0 10. Kb1 Rd8 11. h4 a6 12. g4 Qc7 13. Bxf6 Bxf6 14. g5 Be7 15. h5 b5 16. h6 g6 17. Nd5 exd5 18. Qc3 Bf8 19. exd5 Bb7 20. Rh4 Rac8 21. dxc6 Bxc6 22. Rhd4 Qe7 23. Qd2 Re8 24. Nc1 Qe5 25. Bh3 Rc7 26. Qa5 Qe7 27. Nd3 Qd8 28. Bg4 Bb7 29. a3 Bc8 30. Bxc8 Qxc8 31. Qd2 Rce7 32. Nf4 Re5 33. Nd5 R8e6 34. f4 Re2 35. Qc1 Qc5 36. b4 Qa7 37. Qb2 Be7 38. Nxe7+ Qxe7 39. Rxd6 Qf8 40. Rxe6 Rxe6 41. Rd8 1-0

[Event "ESP-ch States U14"]
[Site "Isla"]
[Date "2022.06.23"]
[Round "1"]
[White "Horcajuelo Rocamora, Martin"]
[Black "Sanz Gorospe, Ibai"]
[Result "1/2-1/2"]
[WhiteElo "2205"]
[BlackElo "1782"]
[PlyCount "67"]
[EventDate "2022.06.23"]
[EventType "swiss"]
[EventRounds "6"]
[EventCountry "ESP"]
[SourceTitle "EXT 2023"]
[Source "ChessBase"]
[SourceDate "2022.10.05"]
[SourceVersion "1"]
[SourceVersionDate "2022.10.05"]
[SourceQuality "1"]

1. d4 Nf6 2. c4 Nc6 3. Nc3 e5 4. d5 Ne7 5. Nf3 Ng6 6. h4 h5 7. a3 a5 8. Bg5 Be7 9. e3 Ng4 10. Bxe7 Nxe7 11. d6 cxd6 12. Nb5 0-0 13. Nxd6 b6 14. Ng5 f6 15. Nge4 Ba6 16. Qb3 Kh8 17. Be2 Nc8 18. Rd1 Nxd6 19. Nxd6 f5 20. Bf3 Rb8 21. Qc2 Qf6 22. e4 g6 23. Qd2 Kg7 24. Qg5 Kh7 25. exf5 gxf5 26. Qxh5+ Nh6 27. Qg5 Qe6 28. Bd5 Qf6 29. Qxf6 Rxf6 30. Bf3 Nf7 31. Nxf5 Bxc4 32. Be4 Kh8 33. g4 Be6 34. f3 1/2-1/2